The Role of the Scientific Societies in the Seventeenth Century (Record no. 1388)

000 -LEADER
fixed length control field 00547nam a22001937a 4500
003 - CONTROL NUMBER IDENTIFIER
control field OSt
005 - DATE AND TIME OF LATEST TRANSACTION
control field 20210426081416.0
008 - FIXED-LENGTH DATA ELEMENTS--GENERAL INFORMATION
fixed length control field 210215s1913 ||||| |||| 00| 0 eng d
040 ## - CATALOGING SOURCE
Original cataloging agency eng
Language of cataloging eng
Transcribing agency DLC
041 ## - LANGUAGE CODE
Language code of text/sound track or separate title eng
080 ## - UNIVERSAL DECIMAL CLASSIFICATION NUMBER
Universal Decimal Classification number 001
Item number O-77
100 ## - MAIN ENTRY--PERSONAL NAME
9 (RLIN) 885
Personal name Ornstein, Martha
245 ## - TITLE STATEMENT
Title The Role of the Scientific Societies in the Seventeenth Century
Statement of responsibility, etc. / by: Columbia University
260 ## - PUBLICATION, DISTRIBUTION, ETC.
Place of publication, distribution, etc. New York
Name of publisher, distributor, etc. Columbia University
Date of publication, distribution, etc. 1913
300 ## - PHYSICAL DESCRIPTION
Extent 323 p.
650 #0 - SUBJECT ADDED ENTRY--TOPICAL TERM
9 (RLIN) 681
Topical term or geographic name entry element Science
653 ## - INDEX TERM--UNCONTROLLED
Uncontrolled term მეცნიერება
942 ## - ADDED ENTRY ELEMENTS (KOHA)
Source of classification or shelving scheme
Koha item type Books
Holdings
Withdrawn status Lost status Source of classification or shelving scheme Damaged status Not for loan Permanent location Current location Date acquired Inventory number Total Checkouts Full call number Barcode Date last seen Price effective from Koha item type
          Ken Walker International University Ken Walker International University 02/15/2021 2260   001 O-77 2260 02/15/2021 02/15/2021 Books

Powered by Koha